000
003290000a22001450004500
003
MACL
040
_a
MACL
090
_c
2745
_d
2745
100
_a
Kothari, D.S.
245
_a
Seminar on Yoga, Science and Man
260
_b
Central Council for Research In India
_c
1976
350
_a
50
650
_a
Philisophy
942
_c
BOOK
_k
181
999
_c
2726
_d
2726